<?xml version="1.0" encoding="UTF-8"?>
<record
    xmlns:xsi="http://www.w3.org/2001/XMLSchema-instance"
    xsi:schemaLocation="http://www.loc.gov/MARC21/slim http://www.loc.gov/standards/marcxml/schema/MARC21slim.xsd"
    xmlns="http://www.loc.gov/MARC21/slim">

  <leader>01215nam a22002177a 4500</leader>
  <controlfield tag="003">OSt</controlfield>
  <controlfield tag="005">20191029062725.0</controlfield>
  <controlfield tag="008">180712b        xxu||||| |||| 00| 0 spa d</controlfield>
  <datafield tag="020" ind1=" " ind2=" ">
    <subfield code="a">9506792836</subfield>
  </datafield>
  <datafield tag="040" ind1=" " ind2=" ">
    <subfield code="c">PJ</subfield>
  </datafield>
  <datafield tag="100" ind1=" " ind2=" ">
    <subfield code="a">De Vega Ruiz, Jos&#xE9; Augusto</subfield>
    <subfield code="9">4172</subfield>
  </datafield>
  <datafield tag="245" ind1="1" ind2="0">
    <subfield code="a">Tratamiento jur&#xED;dico del S.I.D.A /</subfield>
    <subfield code="b">Jos&#xE9; Augusto Vega Ruiz.</subfield>
  </datafield>
  <datafield tag="260" ind1=" " ind2=" ">
    <subfield code="a">Madrid :</subfield>
    <subfield code="b">Colex,</subfield>
    <subfield code="c">1992</subfield>
  </datafield>
  <datafield tag="300" ind1=" " ind2=" ">
    <subfield code="a">141 p.</subfield>
    <subfield code="c">20 cm.</subfield>
  </datafield>
  <datafield tag="490" ind1=" " ind2=" ">
    <subfield code="a">Biblioteca Jur&#xED;dica de Bolsillo </subfield>
    <subfield code="v">7</subfield>
  </datafield>
  <datafield tag="505" ind1=" " ind2=" ">
    <subfield code="a">I. Pre&#xE1;mbulo y m&#xE9;todo explicativo. -- II. Situaci&#xF3;n actual . Generalidades y conceptos. -- III. El SIDA en el derecho. -- IV. Antecedentes jur&#xED;dicos de la sentencia del Tribunal Suprema, Sala 2&#xBA;, &#xFA;nica dictada hasta ahora. -- La sentencia del Tribunal Supremo, 18-11-1991. La imprudencia temeraria, la imprudencia  profesional, la falta de imprudencia, el despacho de medicamentos deteriorados y la expendici&#xF3;n de medicamentos sin observar las disposiciones reglamentarias. -- VI. Trascendencia y consecuencias de la sentencai. -- VII. Panorama del futuro.</subfield>
  </datafield>
  <datafield tag="650" ind1=" " ind2="0">
    <subfield code="9">343</subfield>
    <subfield code="a">DERECHO PENAL</subfield>
  </datafield>
  <datafield tag="650" ind1=" " ind2="0">
    <subfield code="9">4176</subfield>
    <subfield code="a">PROPAGACI&#xD3;N DE ENFERMEDAD PELIGROSA Y CONTAGIOSA</subfield>
  </datafield>
  <datafield tag="651" ind1=" " ind2="0">
    <subfield code="9">455</subfield>
    <subfield code="a">ESPA&#xD1;A</subfield>
  </datafield>
  <datafield tag="942" ind1=" " ind2=" ">
    <subfield code="2">udc</subfield>
    <subfield code="c">LIB</subfield>
    <subfield code="h">343.617</subfield>
    <subfield code="i">DEV</subfield>
  </datafield>
  <datafield tag="999" ind1=" " ind2=" ">
    <subfield code="c">2747</subfield>
    <subfield code="d">2747</subfield>
  </datafield>
  <datafield tag="952" ind1=" " ind2=" ">
    <subfield code="0">0</subfield>
    <subfield code="1">0</subfield>
    <subfield code="2">udc</subfield>
    <subfield code="4">0</subfield>
    <subfield code="7">0</subfield>
    <subfield code="a">DJS</subfield>
    <subfield code="b">DJS</subfield>
    <subfield code="d">2019-05-06</subfield>
    <subfield code="o">343.617  DEV</subfield>
    <subfield code="p">0167</subfield>
    <subfield code="r">2019-05-06</subfield>
    <subfield code="w">2019-05-06</subfield>
    <subfield code="y">LIB</subfield>
  </datafield>
  <datafield tag="952" ind1=" " ind2=" ">
    <subfield code="0">0</subfield>
    <subfield code="1">0</subfield>
    <subfield code="2">udc</subfield>
    <subfield code="4">0</subfield>
    <subfield code="7">0</subfield>
    <subfield code="a">DJN</subfield>
    <subfield code="b">DJN</subfield>
    <subfield code="d">2019-05-06</subfield>
    <subfield code="o">343.617  DEV</subfield>
    <subfield code="p">RG 0800</subfield>
    <subfield code="r">2024-12-01</subfield>
    <subfield code="w">2019-05-06</subfield>
    <subfield code="y">LIB</subfield>
  </datafield>
</record>
